Dinosaur Sudden Death - Statistics

General Stats
  • This quiz has been taken 467 times
    466 since last reset
  • The average score is 12 of 28
Answers on the Grid
Answers color-coded by a green-red scale on the quiz's grid according to % correct below.
Allosaurus
Ankylosaurus
Anomalocaris
Apatosaurus
Archaeopteryx
Argentinosaurus
Australopithecus
Baryonyx
Basilosaurus
Brachiosaurus
Brontosaurus
Carcharadontosaurus
Carnotaurus
Ceratosaurus
Compsognathus
Deinonychus
Deinosuchus
Dilophosaurus
Dimetrodon
Diplodocus
Diprotodon
Elasmotherium
Giganotosaurus
Gigantopithecus
Glyptodon
Iguanodon
Liopleurodon
Megalania
Megalosaurus
Megatherium
Megalodon
Mosasaurus
Pachycephalosaurus
Paraceratherium
Parasaurolophus
Plesiosaurus
Pteranodon
Pterodactylus
Quetzalcoatlus
Sacabambaspis
Sahelanthropus
Sarcosuchus
Smilodon
Spinosaurus
Stegosaurus
Therizinosaurus
Titanoboa
Triceratops
Tyrannosaurus
Utahraptor
Velociraptor
Yi
 
Answer Stats
Answer % Correct
Allosaurus
86%
Ankylosaurus
76%
Baryonyx
60%
Brachiosaurus
58%
Yes, Archaeopteryx is a dinosaur, as is every other bird Archaeopteryx
56%
Apatosaurus
54%
Carnotaurus
54%
Argentinosaurus
52%
Brontosaurus
49%
Diplodocus
46%
Deinonychus
43%
Ceratosaurus
41%
Iguanodon
40%
Carcharadontosaurus
38%
Tyrannosaurus
38%
Velociraptor
38%
Stegosaurus
37%
Triceratops
37%
Compsognathus
36%
Dilophosaurus
36%
Giganotosaurus
36%
Spinosaurus
31%
Megalosaurus
29%
Utahraptor
29%
Pachycephalosaurus
28%
Therizinosaurus
28%
Parasaurolophus
25%
Yi qi is the full name of this dinosaur. It has the shortest name of them all. Yi
21%
No matching quizzes found
Score Distribution
Percent of People with Each Score
Percentile by Number Answered
Your Score History
You have not taken this quiz since the last reset